000 00829nam a22001937a 4500
999 _c9923
_d9923
003 AR-CdUCM
008 190328b ||||| |||| 00| 0 spa d
040 _aMUNICIPALIDAD PROVINCIAL DEL CUSCO
_cBIBLIOTECA MUNICIPAL DEL CUSCO
082 _a985.0093 / 1939 /
_bV141
100 _aValcárcel, Carlos Daniel
_96185
245 _aGarcilaso Inka, 12 de abril de 1539 + 24 de abril de 1616 :
_bEnsayo sico-histórico /
260 _aLima :
_bCía. de Impresiones y Publicidad,
_c1939.
300 _a174 páginas ;
_c21 cm.
505 _aContenido: Garcilaso de la Vega Chimpu Ocllo -- Panorama del siglo XVI -- Génesis -- Veinte años y dos influencias -- Esperanzas fallidas -- Los "diálogos de amor"...
650 _aGarcilaso de la Vega
_961
700 _aJorge Basadre (prólogo)
_926470
942 _2ddc
_cLIBROS
945 _adavv